Tilastot visalle Kambodža-visa

Klikkaa tästä pelataksesi tätä visaa!

Yleistilastot

  • Tätä visaa on pelattu 229 kertaa
  • Keskiarvotulos 11 / 17

Vastaustilastot

VihjeVastaus% Oikein
Kambodžan naapurimaatVietnam
95%
Kambodžan naapurimaatLaos
94%
Kambodžan naapurimaatThaimaa
94%
Harjoitetuin uskontoBuddhalaisuus
86%
Valtio, joka hallitsi Kambodžaa vuosina 1867-1953Ranska
76%
PääkaupunkiPhnom Penh
75%
Valtio, joka miehitti Kambodžan vuonna 1970Yhdysvallat
74%
Pahamaineinen diktaattori, jota on syytetty noin 20 % Kambodžan väestöstä tappamisesta 1970-luvun lopullaPol Pot
68%
Niemimaa, jossa Kambodža sijaitseeIndokiina
66%
Virallinen kieliKhmer
59%
Yllä olevan kaupungin läpi virtaava suuri jokiMekongjoki
57%
Muinainen temppeli, jotka esiintyy myös maan lipussaAngkor Wat
55%
Vallankumous- ja sissiliike, jonka johdossa yllä oleva oliPunaiset khmerit
47%
Kambodžan lyhyt nimi vuosina 1975-1989Kamputsea
41%
Tärkein vientituoteTekstiilit
36%
ValuuttaRiel
33%
Tuo temppeli sijaitsee tässä kaupungissaSiĕm Réab
29%

Tulosjakauma

Persentiili vastausten määrän mukaan

Jokaisen tuloksen saaneiden osuus

Tuloshistoriasi

Et ole pelannut tätä visaa